logo

Bir Sreshtho Munshi Abdur Rouf Library
Jhenaidah Cadet College

Natural selection and heredity / (Record no. 5212)

MARC details
000 -LEADER
fixed length control field 00594nam a2200217 a 4500
001 - CONTROL NUMBER
JCCL Control Number 5212
003 - CONTROL NUMBER IDENTIFIER
JCCL marc code BD-JhCC
005 - DATE AND TIME OF LATEST TRANSACTION
control field 20171213123834.0
008 - FIXED-LENGTH DATA ELEMENTS--GENERAL INFORMATION
fixed length control field 171210s1959 ai |||| ||a| 000 0 eng d
035 ## - SYSTEM CONTROL NUMBER
system control number (BD-JhCC) 5212
040 ## - CATALOGING SOURCE
Original cataloging agency BD-JhCC
Modifying agency BD-JhCC
041 ## - LANGUAGE CODE
Language code of Book eng
082 ## - DEWEY DECIMAL CLASSIFICATION NUMBER
Classification number 575.0162
Author mark and Year SHE 1960
100 ## - MAIN ENTRY--PERSONAL NAME
Personal name Sheppard, P.M.
245 ## - TITLE STATEMENT
Title Natural selection and heredity /
Statement of responsibility, etc P.M. Sheppard,
260 ## - PUBLICATION, DISTRIBUTION, ETC. (IMPRINT)
Place of publication, distribution, etc America :
Name of publisher, distributor, etc HARPER & ROW, PUPLISHERS NEWYORK AND EVANSTON ,
Date of publication, distribution, etc 1959
300 ## - PHYSICAL DESCRIPTION
Pagination 209 p .:
Dimensions 22 cm .
650 ## - SUBJECT ADDED ENTRY--TOPICAL TERM
Topical term or geographic name as entry element Natural Selection, Genetict
942 ## - ADDED ENTRY ELEMENTS (KOHA)
Source of classification or shelving scheme Dewey Decimal Classification
Koha item type Books
Holdings
Source of classification or shelving scheme Damaged status Not for loan Home library Current library Shelving location Date of accession Total Checkouts Full call number Barcode Date last seen Copy number Koha item type
Dewey Decimal Classification     JCC Rouf Library JCC Rouf Library General Stacks 12/10/2017   575.0162 SHE 1960 7069 12/10/2017 C-1 Books

JCC Library | Contacts | JCC Home

Last Update on 23 September 2017
Copyright @ 2017-2020 JCC Rouf Library
Rouf Library, Jhenidah Cadet College (JCC), Bangladesh